Elenca la formazione - Finale UEFA Champions League 1995-1996 - Statistics

Statistiche generali
  • Questo quiz è stato fatto 32 volte
  • Il punteggio medio è 12 su 22
Statistiche sulle risposte
Ruolo Nazione Calciatore % Corretto
Attaccante Italia Alessandro Del Piero
100%
Portiere Italia Angelo Peruzzi
92%
Attaccante Italia Gianluca Vialli
92%
Attaccante Italia Fabrizio Ravanelli
83%
Portiere Paesi Bassi Edwin van der Sar
75%
Difensore Italia Ciro Ferrara
71%
Centrocampista Francia Didier Deschamps
71%
Trequartista Finlandia Jari Litmanen
71%
Centrocampista Paesi Bassi Frank de Boer
67%
Difensore Italia Gianluca Pessotto
67%
Difensore Italia Moreno Torricelli
67%
Centrocampista Portogallo Paulo Sousa
67%
Centrocampista Paesi Bassi Ronald de Boer
67%
Centrocampista Italia Antonio Conte
63%
Centrocampista Paesi Bassi Edgar Davids
63%
Difensore Paesi Bassi Danny Blind
29%
Difensore Italia Pietro Vierchowod
29%
Attaccante Nigeria Finidi George
25%
Attaccante Nigeria Nwankwo Kanu
25%
Difensore Paesi Bassi Sonny Silooy
8%
Attaccante Paesi Bassi Kiki Musampa
4%
Difensore Paesi Bassi Winston Bogarde
4%
Nessun quiz corrispondente trovato
Distribuzione punteggi
Percentuale di utenti per punteggio
Percentile per numero di risposta
I tuoi punteggi nel tempo
Non hai fatto questo quiz